01007nam a2200241 i 4500001000700000003000900007005001700016007000300033008004100036080002000077100004400097245018700141260003900328300002200367490004800389500004300437700003800480740001700518830005600535852003300591999001900624952012200643110557ES-MaACL20240510063112.0t|070131s1929 sp ||||1| spa d a821.131.1-2"18"1 aD'Annunzio, Gabriele,d1863-193894235110aSueño de un atardecer de otoño : poema dramático en un acto ; La Giocondab: tragedia en cuatro actos / cGabriel D'Annunzio ; traducción, prólogo y notas de Ricardo Baeza. aMadrid : bMundo Latino, c[1929?] a234 p. ; c19 cm.1 aTeatro completo de Gabriel D'Annunzio ; v1 aBiblioteca Jacinto Martínez Lacalle.1 aBaeza, Ricardo,d1890-19569246203 aLa Gioconda.0 aTeatro completo de Gabriel D'Annunzio ; v19227255 aES-MaACLjE-11554 bR.139611 c110557d110557 00104070aATENEOMbATENEOMcDEPO2d2008-01-17eSCl0oE-11554p1115351r2023-02-23 00:00:00w2023-02-23yMONOGRAFIA